000 00461nam a2200169Ia 4500
008 210210b2003 xxu||||| |||| 00| 0 eng d
020 _a81 229 0157 3
082 _a070.19 ORLE
100 _aORLIK (Peter B).
245 _aElectronic media: an introduction to the profession. Ed.2
250 _a
260 _aDelhi
_bSurjeet Publications,
_c2003
300 _axvii,684
650 _aElectronic Media Mass Media
690 _aJournalism
906 _a059210
999 _c106254
_d106254